[Event "1000GM Apr Dual Shevingen"]
[Site "San Jose, CA"]
[Date "2024.04.20"]
[Round "3.13"]
[White "Rodi, IM Luis"]
[Black "Lu, Yiding"]
[Result "0-1"]
[WhiteElo "2211"]
[BlackElo "2136"]
[Annotator "Yiding Lu"]
[PlyCount "92"]
[GameId "2047373249794118"]
[EventDate "2024.??.??"]
[SourceVersionDate "2020.12.21"]

{[%evp 0,92,19,38,75,73,85,92,87,56,62,52,48,48,38,51,43,54,48,38,49,49,65,38,56,45,24,39,54,9,64,22,30,50,48,-8,-3,-2,-2,-4,4,-21,-1,-31,-40,-39,-42,-48,-34,-49,-46,-52,-59,-61,-65,-66,-56,-66,-64,-58,-58,-58,-39,-58,-42,-53,-19,-135,-17,-15,-25,-2,-45,-312,-88,-384,-372,-383,-390,-473,-96,-518,-134,-185,-188,-171,-186,-190,-204,-222,-225,-216,-223,-1320,-1610]} 1. e4 d6 2. d4 Nf6 3. Nc3 e5 4. Nf3 Nbd7 5. Bc4 Be7 6. O-O O-O 7. Re1 c6 8. a4 h6 9. h3 Re8 10. a5 Qc7 11. Ba2 Rb8 12. Be3 b5 13. axb6 axb6 14. d5 cxd5 15. Nxd5 Nxd5 16. Bxd5 (16. Qxd5 Rf8 {[%cal Gd7f6,Gc8b7] and White's queen becomes a target}) 16... Nf6 17. Bb3 Bb7 18. Nd2 $6 d5 $1 $132 {A standard reaction against a passive move. Now I instantly equalize and gain the initiative} 19. exd5 Bxd5 (19... Nxd5 20. Qg4 {[%cal Gb3g8] I didn't like White's menacing white bishop.}) 20. Bxd5 Nxd5 21. Nf1 Rbd8 22. Qe2 f5 $1 {[%cal Gf5f4] Preparing a kingside invasion} 23. Bd2 Bc5 24. c4 Nf6 25. Be3 f4 26. Bxc5 Qxc5 27. Rad1 Rxd1 28. Rxd1 e4 29. b3 {[#] A critical moment. Now I thought my advantage was very great and around -2 but when I searched for ways to break through, I found none concrete ways.} Qg5 {I decided to keep control} (29... f3 $2 30. gxf3 Qf5 31. fxe4 Qxh3 32. f3 $11 {[%csl Ge4,Gf3]}) 30. Kh2 Re5 $6 {Bad move but I could not find a good continuation.} (30... Nh5 $1 31. Rd5 f3 32. gxf3 Qh4 33. fxe4 Nf4 $1 34. Qe3 Nxd5 35. cxd5 {[%csl Re4] and White's pawns are rather fragile}) 31. Rd4 Qf5 32. Kg1 f3 {I realized that I needed to do something.} 33. Qd1 Qg6 34. Rd8+ Kh7 35. Ne3 fxg2 36. Qd6 Ra5 37. Ng4 {Now if you check the computer for the past moves, you can see we have made some pretty bad mistakes, but the reason I chose this game is for the following moves. By the way, we were going into time trouble and it was becoming very complicated.} Ra1+ 38. Kxg2 e3 $3 {[#] I quickly calculated this and calculated it works out. Now this is a very complicated position and there are numerous variations that you can anaylze on your own if you want, but I'll give you a basis summary.} 39. Qe5 (39. fxe3 Qe4+ 40. Kf2 Ra2+) (39. Qd4 Nxg4 $1 40. hxg4 e2 $1 41. Qxa1 Qxg4+ $19 {[%csl Rd8]}) (39. Qe6 exf2 40. Kxf2 Nxg4+ 41. Qxg4 Qf6+ {[%csl Rd8]}) 39... Nxg4 $1 40. Qxa1 Nxf2+ (40... Ne5+ 41. Kf1 e2+ 42. Kxe2 Qe4+ 43. Kd2 Nf3+ 44. Kc1 Qe1+ 45. Kb2 {I could not find a win}) 41. Kf3 (41. Kf1 Nxh3 $19) (41. Kh2 Qf5 {[%csl Gh3]} 42. Qa8 (42. Qf1 Qf4+ {[%cal Rf4g5]}) 42... Qe5+ 43. Kg2 e2 44. Rh8+ Kg6 45. Qc6+ Kg5 {was my thinking}) 41... Qe4+ 42. Ke2 {Alas, the main line is not played.} (42. Kg3 Nh1+ 43. Kh2 e2 {[%csl Ge1][%cal Ge2e1]} 44. Qe1 Qf4+ 45. Kg2 Ng3 46. Qb1+ Qe4+ $19) 42... Nxh3 $19 43. Rf8 Nf4+ 44. Rxf4 Qxf4 45. Kd3 Qf2 46. Qb1 Qf5+ {Now I acknowledge that there are numerous flaws, but this was probably one of my most fun games that I've ever played.} 0-1

[Event "Washington President's Cup"]
[Site "Seattle"]
[Date "2024.02.24"]
[Round "3"]
[White "Boey, Chad"]
[Black "Meng, Miranda"]
[Result "1/2-1/2"]
[WhiteElo "1784"]
[BlackElo "1552"]
[Annotator "Miranda Meng"]
[PlyCount "72"]
[GameId "2046611979546706"]
[EventDate "2024.02.24"]
[EventType "swiss"]
[EventRounds "5"]
[EventCountry "USA"]
[SourceVersionDate "2020.12.21"]

{[%evp 0,72,24,24,69,77,69,69,70,48,35,22,14,39,66,44,36,44,40,30,30,29,32,31,61,61,61,61,61,78,54,54,63,63,53,51,85,52,49,13,33,46,31,0,9,-51,-60,-60,-43,-49,-64,-72,-89,-103,-77,-81,-61,-84,-72,-84,-84,-72,-76,-97,-97,-105,-87,-119,-74,-95,-34,-95,0,-37,-28]} 1. e4 c6 2. d4 d5 3. e5 c5 4. dxc5 e6 5. Qg4 Qc7 $6 {This is an innacuracy, as a continuation of Qc7:} 6. Nf3 Qxc5 {[%cal Gc2c3,Gc3d4,Gc3b4] Now the black queen is in a awkward position. After 7. c3, Black needs to find a way to quickly active their pieces.} 7. Bd3 $6 {This is an innacuracy, missing the chance of c3.} Qb4+ 8. Qxb4 Bxb4+ 9. c3 Bc5 {This move is a bit slower then Ba5 and Bc7 to move the bishop to the c7 square.} (9... Ba5 {[%cal Ga5c7,Gg8e7,Gb8d7,Ge7c6] This would be a much faster attack than Bc7, with immediate chances of attacking the weak e5 pawn.}) 10. O-O Ne7 11. Nbd2 Nbc6 $6 {This move causes b4 to be a bigger threat than before.} (11... Nd7 {[%csl Ge5][%cal Ge7c6,Gc5b6,Gb6c7] Instead, black should try Nd7 to keep following the plan of attacking the vulnerable e5 pawn.}) 12. b4 Bb6 13. b5 Nb8 $2 {This wastes a lot of time for black.} (13... Na5 {[%csl Gc4][%cal Ga5c4,Gc3c4] This move makes the knight more useful.}) 14. Ba3 {After pushing the b pawn, white forced blacks pieces back where they started and has chances of c4, making it a tough position for black to play.} Nd7 15. Nb3 Bc7 16. Rfe1 b6 17. Rac1 Bd8 $2 {This makes the position for black more defensive.} (17... Ng6 {This move gives more chances for black on the kingside, with a idea of playing Rh5.} 18. Bxg6 hxg6 {[%csl Ge5][%cal Gh8h5,Gh5e5,Gc7e5,Gd7e5]}) 18. Nbd4 $2 {This is a mistake, missing the chance of c4! Once again smashing through the position.} (18. c4 $1 {[%csl Gc1][%cal Gc1c8,Ga3f8,Gb3d4,Gd4c6,Ga2a4,Ga4a5,Gf3d4,Gb6a5,Gb3a5,Ga5c6] Opening up the queenside and making it difficult for black to move.}) 18... Nc5 19. Bb1 Bb7 20. c4 Rc8 21. h4 O-O 22. Re3 $2 {This move allows black to active their pieces with a tempo.} dxc4 23. Rxc4 Nd5 24. Re1 Be7 25. Ne2 Rfd8 26. Rg4 h5 27. Rg3 Nd3 28. Bxe7 Nxe7 29. Bxd3 Rxd3 30. Nf4 Ra3 31. Nxh5 Nf5 32. Rg4 Bxf3 33. gxf3 Rxf3 $6 {Although Rxf3 is more natural, Rxa2 is better because of the pawn structure black makes, making more chances.} 34. Rd1 Rh3 {Although a draw was agreed here, black might have a chance of Nxh4 if Rd7 was played. Making a threat to checkmate on the back rank. If} 35. Rd7 Nxh4 36. Rxg7+ Kh8 {[%cal Gc8c1] Threating checkmate.} 1/2-1/2

[Event "Washington President's Cup"]
[Site "Seattle"]
[Date "2024.02.24"]
[Round "3"]
[White "Davies, Cedric"]
[Black "Palathingal, Rafael"]
[Result "1-0"]
[WhiteElo "1654"]
[BlackElo "1678"]
[Annotator "Davies,Cedric"]
[PlyCount "101"]
[GameId "2046611979546705"]
[EventDate "2024.02.24"]
[EventType "swiss"]
[EventRounds "5"]
[EventCountry "USA"]
[SourceVersionDate "2020.12.21"]

{[%evp 0,101,28,19,19,30,30,19,19,42,56,56,107,92,92,71,69,53,49,49,49,33,262,101,116,128,237,104,106,208,218,207,222,242,308,203,271,71,160,159,290,298,448,560,684,603,1045,572,580,585,581,583,595,595,586,598,612,571,597,553,676,699,715,715,897,930,937,928,983,910,989,1002,1056,1076,1133,1048,1135,1110,1198,1254,1448,1217,1448,1306,1637,1469,1668,1777,2217,2164,29989,29990,29991,29992,29993,29992,29993,29994,29995,29996,29997,29998,29999,29999]} 1. e4 e5 {My opponent in this game is in grade 4, so about 9-10 years old. Impressively high rating and play for someone so young. Chess truly is a game for any age.} 2. Nf3 Nc6 3. Nc3 Bc5 4. Nxe5 Nxe5 5. d4 Bxd4 ({More common and better is} 5... Bd6 6. dxe5 Bxe5) 6. Qxd4 $16 d6 7. Be2 Nf6 8. Bg5 $16 {The pin is quite difficult for Black to deal with} h6 9. Bh4 O-O 10. Nd5 {Puts immediate pressure on f6. Although objectively better was 0-0-0} Be6 (10... g5 $142 11. Bg3 Nxd5 12. Qxd5 Re8) 11. f4 (11. Nxf6+ $142 gxf6 12. f4) 11... c5 12. Nxf6+ gxf6 $18 ({I thought that gxf6 was forced, forgetting his could take with the Queen because of the c-pawn attack on my own. The computer says this line is better for Black then the game continuation} 12... Qxf6 $142 13. Bxf6 cxd4 14. fxe5 gxf6 15. exf6 $18) 13. Qd2 {Eyeing h6, but Qc3 eyeing f6 was probably better} Ng6 14. Bf2 f5 {Black stops f5, for now...} 15. g4 $1 {A great move to force my own f5 pawn push} fxe4 16. f5 e3 $5 {Black gives the pawn back in order to gain a tempo} 17. Qxe3 Bd5 18. Rg1 {Thinking ahead to when my Queen is on h6 and Black plays f6 to stop my own f6. Then I will have the chance to open the g-file with g5} Re8 19. Qxh6 Qe7 $2 {[#] Black creates his own counter mate threat. But the threat is rather empty on account of my next move} (19... Qf6 $142 20. Be3 Qg7 21. Kf2 Ne5 22. Qxg7+ Kxg7 23. Rad1 Bc4 24. Bxc4 Nxc4 25. Bc1 $18) 20. O-O-O $1 {A great move! Sidestepping the mate threat and daring Black to take the Bishop. Of course Black can't, because doing so deprives the defense of his Queen} Qf6 (20... Qxe2 $4 21. f6 {And mate on g7 is unstoppable}) {An interesting position. Black has hanging pieces on g6 and d5. White's Bishop is hanging on e2. And if he takes the Knight on g6, he opens up his defenceless Bishop on f2. I improve the tactics of the position by removing my Bishop from attack and add his Rook to the number of Black hanging pieces} 21. Bb5 Re4 {Looks like Black wants to play Rb4, forking an attack on the Bishop with a mate threat on b2} 22. fxg6 {Recognizing the b2 mate threat as toothless, I decide to cash-in} Qxf2 23. Rgf1 {Objectivly better is to skewer the Black King along the back rank to capture the Rook on a8. I decide against this for the more practical forced liquadation into a piece up ending that avoids any Black counterplay} Qe3+ 24. Qxe3 Rxe3 25. Rxd5 fxg6 26. Rxd6 {The ending is easily winning for White. Black decides to play on till mate, perhaps pinning his hopes on a stalemate} Rh3 27. Rxg6+ Kh7 28. Rg5 b6 29. Bd3+ Kh6 30. Rg6+ Kh7 31. Rxb6+ Rxd3 {For a brief second my heart skipped a beat. I thought I'd made a mistake, losing a piece. I hadn't looked at the Rook capture. Thankfully, White has a saving check} 32. Rb7+ Kg6 33. cxd3 c4 34. d4 c3 35. bxc3 Rc8 36. Kc2 a5 37. h3 a4 38. d5 Rd8 39. c4 a3 40. Kb3 Rd6 41. Kxa3 Kg5 42. Kb4 Kh4 43. Rf3 Ra6 44. a4 Rg6 45. Rh7+ Rh6 (45... Kg5 46. Rh5#) 46. Rxh6+ Kg5 47. Rh5+ Kg6 {Black is stubbornly not resigning. Easiest mate seems to be to make a Queen} 48. d6 Kg7 49. d7 Kg6 50. d8=Q Kg7 51. Qg5# 1-0

[Event "Washington President's Cup"]
[Site "Seattle"]
[Date "2024.02.25"]
[Round "4"]
[White "Kuipers, Miles"]
[Black "Davies, Cedric"]
[Result "1/2-1/2"]
[WhiteElo "1836"]
[BlackElo "1654"]
[Annotator "Davies,Cedric"]
[PlyCount "108"]
[GameId "2046611979546707"]
[EventDate "2024.02.24"]
[EventType "swiss"]
[EventRounds "5"]
[EventCountry "USA"]
[SourceVersionDate "2020.12.21"]

1. f4 d5 2. Nf3 c5 3. b3 Nc6 4. e3 Nf6 5. Bb5 Bd7 6. O-O g6 {I decided to challenge White's dark-squared Bishop on the long diagonal, rather than develop it to e7} 7. Bb2 Bg7 8. d3 O-O 9. Bxc6 {I was surprised he choice this moment to trade his Bishop when it wasn't forced} Bxc6 10. Nbd2 b5 {Gaining space} 11. Ne5 Qc7 12. g4 {The g4 pawn becomes a target and Black gains a small initiative} Bd7 $15 {Preserving the Bishop along the open h1-a8 diagonal with Bb7 was a strong alternative and prefered by the computer} 13. d4 Qc8 {Aiming more pressure at g4} (13... c4 $142 {Threatening to win with c3} 14. Nxd7 Qxd7) 14. Nxd7 (14. h3 $142) 14... Nxd7 15. c3 c4 (15... a5 $142 {aiming for a4} 16. Rc1 a4 17. b4 a3 18. Ba1 $17) 16. bxc4 $11 bxc4 17. Ba3 Qa6 {I employ an interesting Queen maneuver, daring White to take on e7} 18. Bb4 Qe6 {Black fights for the initiative} 19. Qf3 a5 (19... f5 {Black needs to play f5 to prevent White from playing it} 20. h3 $15) 20. Ba3 (20. f5 $142 Qf6 21. Ba3 $16) 20... f5 $11 {I had been planning Nf6, when I realized what a threat f5 was and so I played it myself} 21. gxf5 (21. g5 $142) 21... gxf5 $15 22. Kh1 {The game focus now shifts to the newly opened g-file} Kh8 23. Rg1 Bf6 24. Rg3 Rg8 25. Rh3 $6 $17 {I thought White would play this move, as the attack on h7 looks too tempting. However, it is easily defended, so this diversion from the open g-file seems to me to be a poor choice by White. Perhaps White was tempting me to play Rg7, because of his planned Knight sac, as in the game} Rg7 26. Nxc4 $2 {A surprise! At first it looks like White wins a clear pawn, but not so fast...} Qc6 $1 $19 {[#] The counter attack on the c3 pawn is devastating. Suddenly the position comes alive with tactics} 27. Ne5 Bxe5 28. fxe5 Qxc3 29. Rf1 Qxa3 30. Qxd5 Nb6 {Deflection} 31. Qb7 Rag8 $1 32. Qxb6 {White needs to regain the piece, but this leads to a mating attack. Unfortuately, I saw one specific mating sequence that I miscalculated. And because this was my focus, I missed the real winning move (twice)} Qxa2 33. Rg3 Rxg3 (33... Qd5+ $142 $1 {Leads to forced mate} 34. Kg1 Rxg3+ 35. hxg3 Rxg3+ 36. Kf2 Qg2+ 37. Ke1 Rxe3+ 38. Kd1 Qxf1+ 39. Kd2 Qf2+ 40. Kd1 Re1#) 34. hxg3 Rxg3 35. Qb8+ Rg8 ({Here I had planned Kg7 and with no more checks, after Qb7 to defend g2, I would have Rh3+ leading to mate. What I now realized was that Rg1 pins my Rook so that Rh3+ is impossible. I was quite disapointed I had miscalculated, and then found what I thought would lead to a winning Rook ending and so bailed into that, missing another win} 35... Kg7 36. Rg1) 36. Qb7 Qe2 $2 (36... Qe6 $142 {With the simple threat of Qh6 mate. I once read that retreating moves are some of the hardest moves for humans to see. Here I missed the simple idea of retreating with my Queen in order to swing it to the h-file} 37. Qg2 Qh6+ 38. Kg1 Qxe3+ 39. Rf2 Rxg2+ 40. Kxg2 Qxd4 {winning}) 37. Qf3 Qxf3+ 38. Rxf3 e6 {When I played the move 36. .. Qe2, I evaluated this as a winning Rook ending for Black. I figured with the two outside passed pawns it would be too difficult for White to stop. But it's not so easy. White creates his own passed pawn with his central pawn majority.} 39. Rf2 a4 40. Ra2 Ra8 41. Ra3 {Smart to hold the pawn a step back} Kg7 42. Kg2 Kg6 43. Kf3 Kg5 44. e4 {White gets his pawn majority rolling} fxe4+ 45. Kxe4 h5 $2 ({Black should prevent d5 with} 45... Ra5 $1 {[#] Play might continue} 46. Kd3 h5 47. Kc3 Kf4 48. Kc4 h4 49. Kb4 Rd5 $19 {And Black's advantage is decisive. Looks like I not only missed the win in the middle game, I missed it in the ending as well}) 46. d5 $11 {Now the position is equal} exd5+ 47. Kxd5 Kf5 {I thought this was a clever move to gain a tempo. I threaten Ra5+} 48. Rf3+ Kg4 49. Ra3 h4 {I wasn't evaluating correctly. I still thought here that I had good winning chances} 50. e6 h3 51. e7 h2 52. Ra1 a3 53. Kd6 {And Black can't win. Pushing the a-pawn doesn't work and bringing the King to support the h-pawn runs into an unending series of lateral checks} Kg3 ({a2 only works if White's pawn isn't so far advanced} 53... a2 54. Kd7 h1=Q ({Or} 54... Kg3 55. e8=Q Rxe8 56. Kxe8 Kg2 57. Rxa2+ Kg1 58. Rxh2 Kxh2 {draw}) 55. Rxh1 a1=Q $4 56. Rxa1 Rxa1 57. e8=Q $18) 54. Kd7 Kg2 {Draw offered and accepted. Hard fought game (4.5hrs) against an opponent 200 points higher rated than me. I had the edge most of the game, disapointing that I missed multiple winning moves.} 1/2-1/2